000
00435nam a22000977a 4500
100
_a
Guider
_9
79384
245
_a
भारतीय संविधान एवं राजव्यवस्था अध्यायवार एवं वस्तुनिष्ठ
260
_a
नई दिल्ली
_b
Guider Compatitive Group
_c
2020
650
_a
भारत का संविधान
_9
79444
942
_c
HIN
999
_c
63055
_d
63055